000 01040nam0a22002531 4500
001 rc\400297
005 20260406194236.0
035 _a(NLR Aleph) 005649139
090 _a6752240
_c6752240
100 _a20030616d1989 |||y0rusy50 ca
101 0 _arus
102 _aRU
105 _aa |||||||||
200 1 _aАктуальные вопросы технологии неорганических реактивов и особо чистых веществ
_eНауч. тр.
_fВНИИ хим. реактивов и особо чистых хим. веществ
_g[Науч. редакторы Т.Г. Иванова и др.]
210 _aМ.
_cИРЭА
_d1989
215 _a131 с.
_cил.
_d22
320 _aБиблиогр. в конце ст.
702 1 _aИванова
_bТ.Г.
_4340
712 0 2 _aВНИИ хим. реактивов и особо чистых хим. веществ
_3RU\NLR\AUTH\889957265
_9410636
801 0 _aRU
_bNLR
_gpsbo
801 1 _aRU
_bELAR
_2rusmarc
852 _aNLR
_j90-5/2023
942 _cBOOK
980 _aNB